00979nam a22002417a 4500999001500000001000600015003000900021005001700030008004100047020001800088040003800106082002000144100003000164245007700194260005400271300002400325504002900349650002300378650003800401942001200439952013700451952014900588 c1567d156719105BD-DhUAP20200210120329.0200210s2015 bg ||||| b||| 00| 0 eng d a9789843392473 aBD-DhUAPbEngcBD-DhUAPdBD-DhUAP 223a346.015 HAQ aHaque, Muhammad Ekramul.  aMuslim family law : bSharia and modern world /cMuhammad Ekramul Haque. aDhaka :bLondon college of legal studies,cc2015. a799 pages ;c22 cm. aIncludes bibliographies. aDomestic relations aDomestic relations (Islamic law). 2ddccBK 00102ddc4070aUAPCLbUAPCLcGeneral Stacksd2020-02-10l10m7o346.015 HAQp3010019105r2025-03-18s2025-03-09t1w2020-02-10yBK 00102ddc4070aUAPCLbUAPCLcGeneral Stacksd2020-02-10l8m12o346.015 HAQp3010019104q2026-05-31r2026-05-03s2026-05-03t2w2020-02-10yBK